000 00556nam a2200169 4500
001 116600
003 ES-MaACL
005 20230906190732.0
007 t|
008 061121s1966 sp r ||||1| spa d
100 1 _aOtero Díaz, Carlos.
_987907
245 1 4 _aUna investigación sobre la influencia de la economía en el Derecho /
_cCarlos Otero Díaz.
260 _aMadrid :
_bInstituto de Estudios Políticos,
_c1966.
300 _a141 p. ;
_c22 cm.
710 2 _aInstituto de Estudios Políticos (Madrid)
_94924
852 _aES-MaACL
_jG-5065
_bR.70207
999 _c116600
_d116600